Introduction to environmental geology / (Record no. 11615)

MARC details
000 -LEADER
fixed length control field 02144cam a2200421 i 4500
001 - CONTROL NUMBER
control field 14629808
003 - CONTROL NUMBER IDENTIFIER
control field EG-ScBUE
005 - DATE AND TIME OF LATEST TRANSACTION
control field 20260419121344.0
006 - FIXED-LENGTH DATA ELEMENTS--ADDITIONAL MATERIAL CHARACTERISTICS--GENERAL INFORMATION
fixed length control field m||||fq||h 00| 0
008 - FIXED-LENGTH DATA ELEMENTS--GENERAL INFORMATION
fixed length control field 061109t2008 njuab f b 001 0 eng d
020 ## - INTERNATIONAL STANDARD BOOK NUMBER
International Standard Book Number 9780136135210
020 ## - INTERNATIONAL STANDARD BOOK NUMBER
International Standard Book Number 0136135218
020 ## - INTERNATIONAL STANDARD BOOK NUMBER
International Standard Book Number 0136128041 (CD- Rom)
020 ## - INTERNATIONAL STANDARD BOOK NUMBER
International Standard Book Number 9780136128045 (CD- Rom)
035 ## - SYSTEM CONTROL NUMBER
System control number (OCoLC)ocm76142262
035 ## - SYSTEM CONTROL NUMBER
System control number (OCoLC)76142262
040 ## - CATALOGING SOURCE
Original cataloging agency DLC
Language of cataloging eng
Description conventions rda
Transcribing agency DLC
Modifying agency YDX
-- BAKER
-- BTCTA
-- YDXCP
-- DLC
-- EG-ScBUE
082 04 - DEWEY DECIMAL CLASSIFICATION NUMBER
Classification number 550
Edition number 22
Item number KEL
100 1# - MAIN ENTRY--PERSONAL NAME
9 (RLIN) 5113
Personal name Keller, Edward A.,
Dates associated with a name 1942-
Relator term author.
245 10 - TITLE STATEMENT
Title Introduction to environmental geology /
Statement of responsibility, etc Edward A. Keller.
250 ## - EDITION STATEMENT
Edition statement Fourth edition.
250 ## - EDITION STATEMENT
Edition statement Pearson International Edition.
264 #1 - PUBLICATION, DISTRIBUTION, ETC. (IMPRINT)
Place of publication, distribution, etc Upper Saddle River, N.J. :
Name of publisher, distributor, etc Pearson Prentice Hall,
Date of publication, distribution, etc [2008]
264 #4 - PUBLICATION, DISTRIBUTION, ETC. (IMPRINT)
Date of publication, distribution, etc c2008
300 ## - PHYSICAL DESCRIPTION
Extent xviii, 661, [65] pages :
Other physical details color illustrations, color maps ;
Dimensions 28 cm +
Accompanying material 1 CD
336 ## - CONTENT TYPE
Source rdacontent
Content type term text
Content type code txt
336 ## - CONTENT TYPE
Source rdacontent
Content type term sounds
Content type code snd
337 ## - MEDIA TYPE
Media type term unmediated
Source rdamedia
Media type code n
337 ## - MEDIA TYPE
Media type term audio
Source rdamedia
Media type code s
338 ## - CARRIER TYPE
Carrier type term volume
Carrier type code nc
Source rdacarrier
338 ## - CARRIER TYPE
Carrier type term computer disc
Carrier type code cd
Source rdacarrier
504 ## - BIBLIOGRAPHY, ETC. NOTE
Bibliography, etc Includes bibliographical references and index.
505 0# - FORMATTED CONTENTS NOTE
Formatted contents note Foundations of environmental geology -- Philosophy and fundamental concepts -- Internal structure of the earth and plate tectonics -- Minerals and rocks -- Earth processes and natural hazards -- Introduction to natural hazards -- Earthquakes and related phenomena -- Volcanic activity -- Rivers and flooding -- Slope processes, landslides, and subsidence -- Coastal processes -- Impact of extraterrestrial objects -- Resources and pollution -- Water resources -- Water pollution -- Mineral resources -- Energy and resources -- Soils and environment -- Waste as a resource -- Air pollution -- Environmental management, global perspectives, and society -- Global climate change -- Geology, society, and the future.
650 #7 - SUBJECT ADDED ENTRY--TOPICAL TERM
Topical term or geographic name as entry element Environmental geology.
Source of heading or term BUEsh
9 (RLIN) 5114
655 ## - INDEX TERM--GENRE/FORM
Form subdivision Reading book
856 41 - ELECTRONIC LOCATION AND ACCESS
Materials specified Table of contents only
Uniform Resource Identifier <a href="http://www.loc.gov/catdir/toc/ecip074/2006037684.html">http://www.loc.gov/catdir/toc/ecip074/2006037684.html</a>
942 ## - ADDED ENTRY ELEMENTS (KOHA)
Source of classification or shelving scheme Dewey Decimal Classification
Koha item type Book - Borrowing
Holdings
Withdrawn status Lost status Source of classification or shelving scheme Damaged status Not for loan Collection code Home library Current library Shelving location Date acquired Source of acquisition Cost, normal purchase price Serial Enumeration / chronology Total Checkouts Total Renewals Full call number Barcode Date last seen Date checked out Price effective from Koha item type
    Dewey Decimal Classification     Alahram Central Library Central Library First floor 25/05/2009   225.00 380 6 2 550 KEL 000016431 15/07/2025 16/07/2017 25/05/2009 Book - Borrowing
    Dewey Decimal Classification     Alahram Central Library Central Library First floor 25/05/2009     380     550 KEL 000016432 24/08/2022   25/05/2009 CD | DVD - With book